Diminishing returns (Record no. 81689)
[ view plain ]
| 000 -LEADER | |
|---|---|
| fixed length control field | 01215cab a22002055a 4500 |
| 001 - CONTROL NUMBER | |
| control field | L147972 |
| 008 - FIXED-LENGTH DATA ELEMENTS--GENERAL INFORMATION | |
| fixed length control field | 090707e20090627xxk 000 0 eng d |
| 035 ## - SYSTEM CONTROL NUMBER | |
| System control number | (Sirsi) u147972 |
| 041 0# - LANGUAGE CODE | |
| Language code of text/sound track or separate title | eng |
| 100 1# - MAIN ENTRY--PERSONAL NAME | |
| Personal name | Cook, Lucian |
| 245 00 - TITLE STATEMENT | |
| Title | Diminishing returns |
| 260 ## - PUBLICATION, DISTRIBUTION, ETC. | |
| Date of publication, distribution, etc. | 2009 |
| 490 ## - SERIES STATEMENT | |
| Series statement | Estates Gazette |
| Volume/sequential designation | (0925) 27 June 2009, 128-130(3) |
| 520 ## - SUMMARY, ETC. | |
| Summary, etc. | Discusses the pros and cons of leasehold enfranchisement in the light of current house price trends and enfranchisement costs. Uses a hypothetical case study based on "Earl Cadogan v Sportelli" [2007] EWCA Civ 1042 (L141130) to show the costs involved in the enfranchisement of a flat in London with an assumed freehold value of £500,000 subject to a long lease with 40 years remaining at ground rent of £100pa. Graphical representation of the enfranchisement costs verses uplift in value, prospective falls in leasehold values and top-down approach for this hypothetical property. See L147181 for previous article on enfranchisement mentioned. |
| 590 ## - LOCAL NOTE (RLIN) | |
| Local note | KA |
| 650 24 - SUBJECT ADDED ENTRY--TOPICAL TERM | |
| Topical term or geographic name entry element | EARL CADOGAN AND ANOTHER V SPORTELLI AND ANOTHER |
| 651 #4 - SUBJECT ADDED ENTRY--GEOGRAPHIC NAME | |
| Geographic name | England and Wales |
| Chronological subdivision | 1543- |
| 690 ## - LOCAL SUBJECT ADDED ENTRY--TOPICAL TERM (OCLC, RLIN) | |
| Topical term or geographic name as entry element | PROPERTY-LANDLORD AND TENANT-LEASES-LEASEHOLD ENFRANCHISEMENT |
| 942 ## - ADDED ENTRY ELEMENTS (KOHA) | |
| Suppress in OPAC | 0 |
| Withdrawn status | Lost status | Source of classification or shelving scheme | Damaged status | Not for loan | Home library | Current library | Shelving location | Date acquired | Total Checkouts | Full call number | Barcode | Date last seen | Copy number | Price effective from | Koha item type |
|---|---|---|---|---|---|---|---|---|---|---|---|---|---|---|---|
| Dewey Decimal Classification | London | London | Journal article | 07/07/2009 | L147972 | 147972-1001 | 06/08/2019 | 1 | 06/08/2019 | Journal article |